Statistiques concernant Top 3 de la Bundesliga

Cliquez ici pour prendre le quiz!

Statistiques générales

  • Ce quiz a été pris 91 fois
  • Le résultat moyen est 9 sur 11

Statistiques - réponses

Answer % Correct
Bayern Munich
100%
Borussia Dortmund
100%
Bayer Leverkusen
87%
Schalke 04
85%
RB Leipzig
83%
Hambourg SV
82%
VfL Wolfsbourg
77%
Werder Brême
77%
VfB Stuttgart
73%
Borussia Mönchengladbach
60%
TSG Hoffenheim
53%

Distribution des résultats

Percentile par nombre de réponses

% des personnes avec chaque résultat

Votre développement - résultats

Vous n’avez pas pris ce quiz